| 000 | 00489nam a2200205Ia 4500 | ||
|---|---|---|---|
| 003 | OSt | ||
| 005 | 20230516153732.0 | ||
| 008 | 210210b1988 xxu||||| |||| 00| 0 eng d | ||
| 040 | _cAL | ||
| 041 | _aEnglish | ||
| 082 | _a657.46 PAGL | ||
| 100 |
_aPAGARE (Dinkar) _9105945 |
||
| 245 | _aLaw and practice of Income Tax | ||
| 250 | _a12 | ||
| 260 |
_aNew Delhi. _bSultan Chand & Sons _c1988 |
||
| 300 | _axiv,578 | ||
| 690 |
_aIncome Tax _9105946 |
||
| 906 | _a041310 | ||
| 942 |
_2ddc _cBK |
||
| 999 |
_c91259 _d91259 |
||